[Event "POL-chT 2nd League Juniors 2020"]
[Site "Sypniewo"]
[Date "2020.10.25"]
[Round "4.4"]
[White "Zimny, Jakub"]
[Black "Karaszewski, Gabriel"]
[Result "1-0"]
[WhiteElo "1569"]
[BlackElo "1614"]
[Annotator "NA RC"]
[PlyCount "91"]
[EventDate "2020.10.23"]
[EventType "team-tourn"]
[EventCountry "POL"]
[SourceTitle "playchess.com"]
[Source "ChessBase"]
[SourceQuality "1"]
[TimeControl "5400+30"]

1. Nf3 {[%emt 0:00:00]} c5 {[%emt 0:00:00]} 2. g3 {[%emt 0:00:08]} d5 {[%emt 0:00:08]} 3. Bg2 {[%emt 0:00:25]} Nc6 {[%emt 0:00:17]} 4. O-O {[%emt 0:00:26]} Nf6 {[%emt 0:00:40]} 5. d3 {[%emt 0:00:34]} e6 {[%emt 0:01:25]} 6. Nbd2 {[%emt 0:01:34]} Be7 {[%emt 0:00:45]} 7. e4 {[%emt 0:01:31]} O-O {[%emt 0:00:30]} 8. Nh4 {[%emt 0:03:54]} Qb6 {[%emt 0:07:01]} 9. Kh1 {[%emt 0:08:00]} Rd8 {[%emt 0:03:34]} 10. f4 {[%emt 0:08:24]} dxe4 {[%emt 0:02:56]} 11. dxe4 {[%emt 0:20:24]} Qa6 {[%emt 0:13:02]} 12. c3 {[%emt 0:04:40]} b5 {[%emt 0:01:47]} 13. Qc2 {[%emt 0:04:11]} Bb7 {[%emt 0:00:26]} 14. Re1 {[%emt 0:08:37]} e5 {[%emt 0:01:46]} 15. Nf5 {[%emt 0:04:46]} Bf8 {[%emt 0:06:04]} 16. Nf3 {[%emt 0:01:35]} exf4 {[%emt 0:00:37]} 17. Bxf4 {[%emt 0:00:42]} h6 {[%emt 0:02:49]} 18. a4 {[%emt 0:03:56]} b4 {[%emt 0:02:17]} 19. Red1 {[%emt 0:08:53]} Qc4 {[%emt 0:12:41]} 20. e5 {[%emt 0:09:11]} Ne8 {[%emt 0:01:34]} 21. Ne3 {[%emt 0:01:29]} Qe6 {[%emt 0:00:48]} 22. Qe2 {[%emt 0:02:06]} Nc7 {[%emt 0:09:53]} 23. h4 {[%emt 0:02:36]} Na5 {[%emt 0:04:49]} 24. cxb4 {[%emt 0:02:03]} cxb4 {[%emt 0:00:08]} 25. Rac1 {[%emt 0:00:22]} Nd5 {[%emt 0:04:57]} 26. Nxd5 {[%emt 0:00:47]} Bxd5 {[%emt 0:00:10]} 27. Qb5 {[%emt 0:01:28]} Nb3 {[%emt 0:00:27]} 28. Rc7 {[%emt 0:00:43]} Bxf3 {[%emt 0:01:46]} 29. Bxf3 {[%emt 0:00:01]} Rxd1+ {[%emt 0:00:03]} 30. Bxd1 {[%emt 0:00:07]} Qh3+ {[%emt 0:00:38]} 31. Kg1 {[%emt 0:00:01]} a6 {[%emt 0:01:54]} 32. Qd5 {[%emt 0:00:48]} Bc5+ {[%emt 0:01:03]} 33. Rxc5 {[%emt 0:00:11]} Nxc5 {[%emt 0:00:04]} 34. Qxa8+ {[%emt 0:00:09]} Kh7 {[%emt 0:00:10]} 35. Qg2 {[%emt 0:01:11]} Qd7 {[%emt 0:00:18]} 36. Qc2+ {[%emt 0:00:28]} Kh8 {[%emt 0:00:11]} 37. Qd2 {[%emt 0:00:48]} Qb7 {[%emt 0:01:01]} 38. Bc2 {[%emt 0:00:38]} Qb6 {[%emt 0:00:17]} 39. Qd6 {[%emt 0:00:26]} Nxa4+ {[%emt 0:01:11]} 40. Qxb6 {[%emt 0:00:02]} Nxb6 {[%emt 0:00:01]} 41. Bb3 {[%emt 0:00:29]} Kg8 {[%emt 0:00:19]} 42. Kf2 {[%emt 0:00:10]} a5 {[%emt 0:00:06]} 43. Be3 {[%emt 0:00:22]} Nd7 {[%emt 0:00:21]} 44. e6 {[%emt 0:00:19]} Nf6 {[%emt 0:01:17]} 45. exf7+ {[%emt 0:00:11]} Kf8 {[%emt 0:00:07]} 46. Bc5# 1-0

[Event "POL-chT 2nd League Juniors 2020"]
[Site "Sypniewo"]
[Date "2020.10.25"]
[Round "4.4"]
[White "Lewek, Jakub"]
[Black "Rumniak, Aleksy"]
[Result "1-0"]
[WhiteElo "1260"]
[BlackElo "1117"]
[Annotator "NA RC"]
[PlyCount "59"]
[EventDate "2020.10.23"]
[EventType "team-tourn"]
[EventCountry "POL"]
[SourceTitle "playchess.com"]
[Source "ChessBase"]
[SourceQuality "1"]
[TimeControl "5400+30"]

1. e4 {[%emt 0:00:00]} e5 {[%emt 0:00:00]} 2. Nf3 {[%emt 0:00:00]} Nc6 {[%emt 0:00:00]} 3. Bc4 {[%emt 0:00:00]} Nf6 {[%emt 0:00:42]} 4. d4 {[%emt 0:00:25]} Nxe4 {[%emt 0:16:36]} 5. dxe5 {[%emt 0:03:03]} Nc5 {[%emt 0:12:19]} 6. Be3 {[%emt 0:03:44]} Ne6 {[%emt 0:05:36]} 7. Nc3 {[%emt 0:11:09]} Be7 {[%emt 0:12:57]} 8. Qd2 {[%emt 0:04:34]} O-O {[%emt 0:03:57]} 9. O-O-O {[%emt 0:02:11]} a6 {[%emt 0:08:58]} 10. g4 {[%emt 0:04:47]} b5 {[%emt 0:01:53]} 11. Bd3 {[%emt 0:02:42]} Bc5 {[%emt 0:06:31]} 12. Bxc5 {[%emt 0:09:39]} Nxc5 {[%emt 0:00:12]} 13. Bf5 {[%emt 0:06:15]} b4 {[%emt 0:09:49]} 14. Ne4 {[%emt 0:03:17]} Nxe4 {[%emt 0:11:41]} 15. Bxe4 {[%emt 0:00:16]} Qe7 {[%emt 0:00:46]} 16. Ng5 {[%emt 0:04:38]} h6 {[%emt 0:01:41]} 17. Nf3 {[%emt 0:02:14]} Rb8 {[%emt 0:00:25]} 18. Rde1 {[%emt 0:01:16]} a5 {[%emt 0:00:40]} 19. h4 {[%emt 0:02:55]} a4 {[%emt 0:01:25]} 20. g5 {[%emt 0:01:30]} h5 {[%emt 0:00:33]} 21. g6 {[%emt 0:00:15]} f6 {[%emt 0:00:53]} 22. exf6 {[%emt 0:00:48]} Qxf6 {[%emt 0:00:12]} 23. Bd5+ {[%emt 0:01:31]} Kh8 {[%emt 0:00:34]} 24. Rhg1 {[%emt 0:02:27]} b3 {[%emt 0:02:03]} 25. cxb3 {[%emt 0:00:41]} axb3 {[%emt 0:00:26]} 26. a3 {[%emt 0:03:26]} Nb4 {[%emt 0:01:39]} 27. Rg5 {[%emt 0:03:20]} Na2+ {[%emt 0:00:31]} 28. Kb1 {[%emt 0:01:12]} Rf7 {[%emt 0:00:30]} 29. Rxh5+ {[%emt 0:00:43]} Kg8 {[%emt 0:00:06]} 30. Re8# {[%emt 0:00:29]} 1-0

[Event "POL-chT 2nd League Juniors 2020"]
[Site "Sypniewo"]
[Date "2020.10.25"]
[Round "4.5"]
[White "Lascar, Maria Elena"]
[Black "Jedrzejko, Martyna"]
[Result "0-1"]
[WhiteElo "1552"]
[BlackElo "1618"]
[Annotator "NA RC"]
[PlyCount "68"]
[EventDate "2020.10.23"]
[EventType "team-tourn"]
[EventCountry "POL"]
[SourceTitle "playchess.com"]
[Source "ChessBase"]
[SourceQuality "1"]
[TimeControl "5400+30"]

1. e4 {[%emt 0:00:00]} c6 {[%emt 0:00:00]} 2. d4 {[%emt 0:02:03]} d5 {[%emt 0:00:00]} 3. Bd3 {[%emt 0:02:30]} dxe4 {[%emt 0:06:55]} 4. Bxe4 {[%emt 0:00:08]} Nf6 {[%emt 0:00:09]} 5. Bf3 {[%emt 0:00:26]} Bf5 {[%emt 0:02:05]} 6. Ne2 {[%emt 0:04:43]} e6 {[%emt 0:02:00]} 7. O-O {[%emt 0:02:35]} Bd6 {[%emt 0:01:38]} 8. Bf4 {[%emt 0:04:40]} Bxf4 {[%emt 0:00:48]} 9. Nxf4 {[%emt 0:00:33]} Nbd7 {[%emt 0:02:45]} 10. Nd2 {[%emt 0:05:18]} O-O {[%emt 0:02:41]} 11. Nc4 {[%emt 0:02:13]} Qc7 {[%emt 0:04:43]} 12. Nh5 {[%emt 0:13:35]} Nxh5 {[%emt 0:02:16]} 13. Bxh5 {[%emt 0:00:02]} Nf6 {[%emt 0:00:14]} 14. Bf3 {[%emt 0:02:59]} Rad8 {[%emt 0:02:38]} 15. Ne3 {[%emt 0:10:08]} Bg6 {[%emt 0:00:58]} 16. c3 {[%emt 0:01:06]} e5 {[%emt 0:06:51]} 17. Qa4 {[%emt 0:02:01]} exd4 {[%emt 0:08:33]} 18. cxd4 {[%emt 0:00:08]} Qb6 {[%emt 0:02:55]} 19. Rfd1 {[%emt 0:07:03]} Qxb2 {[%emt 0:15:50]} 20. Qxa7 {[%emt 0:04:15]} Ra8 {[%emt 0:00:48]} 21. Qc5 {[%emt 0:01:28]} Rxa2 {[%emt 0:00:52]} 22. Rxa2 {[%emt 0:01:12]} Qxa2 {[%emt 0:00:07]} 23. Qe7 {[%emt 0:08:12]} Qb3 {[%emt 0:05:56]} 24. h4 {[%emt 0:04:44]} Re8 {[%emt 0:03:48]} 25. Qc7 {[%emt 0:01:49]} h6 {[%emt 0:02:48]} 26. g4 {[%emt 0:02:24]} Nd5 {[%emt 0:13:37]} 27. Bxd5 {[%emt 0:04:48]} cxd5 {[%emt 0:00:16]} 28. Rc1 {[%emt 0:05:29]} Rxe3 {[%emt 0:06:24]} 29. fxe3 {[%emt 0:00:41]} Qxe3+ {[%emt 0:00:10]} 30. Kh2 {[%emt 0:00:52]} Be4 {[%emt 0:01:16]} 31. Rc2 {[%emt 0:04:32]} Bxc2 {[%emt 0:00:16]} 32. Qxc2 {[%emt 0:00:08]} Qf4+ {[%emt 0:00:33]} 33. Kh3 {[%emt 0:00:43]} Qf3+ {[%emt 0:00:11]} 34. Kh2 {[%emt 0:00:12]} Qxg4 {[%emt 0:00:11]} 0-1

[Event "POL-chT 2nd League Juniors 2020"]
[Site "Sypniewo"]
[Date "2020.10.25"]
[Round "4.5"]
[White "Matyjasek, Michalina"]
[Black "Zalucka, Emilia"]
[Result "1-0"]
[WhiteElo "1477"]
[BlackElo "1524"]
[Annotator "NA RC"]
[PlyCount "93"]
[EventDate "2020.10.23"]
[EventType "team-tourn"]
[EventCountry "POL"]
[SourceTitle "playchess.com"]
[Source "ChessBase"]
[SourceQuality "1"]
[TimeControl "5400+30"]

1. d4 {[%emt 0:00:00]} d5 {[%emt 0:00:00]} 2. c4 {[%emt 0:00:00]} e6 {[%emt 0:00:00]} 3. Nc3 {[%emt 0:00:00]} Nf6 {[%emt 0:00:00]} 4. Nf3 {[%emt 0:00:00]} Be7 {[%emt 0:00:00]} 5. e3 {[%emt 0:00:00]} Nbd7 {[%emt 0:00:00]} 6. b3 {[%emt 0:00:00]} b6 {[%emt 0:00:36]} 7. Bd3 {[%emt 0:00:18]} Bb7 {[%emt 0:00:44]} 8. O-O {[%emt 0:00:27]} O-O {[%emt 0:00:07]} 9. Bb2 {[%emt 0:00:56]} c5 {[%emt 0:00:43]} 10. cxd5 {[%emt 0:02:26]} exd5 {[%emt 0:00:53]} 11. Qe2 {[%emt 0:00:54]} Ne4 {[%emt 0:06:25]} 12. Rfd1 f5 {[%emt 0:12:30]} 13. Ba6 {[%emt 0:19:42]} Bxa6 {[%emt 0:14:21]} 14. Qxa6 {[%emt 0:00:25]} Nxc3 {[%emt 0:00:20]} 15. Bxc3 {[%emt 0:00:40]} Nf6 {[%emt 0:09:45]} 16. dxc5 {[%emt 0:13:54]} Ne4 {[%emt 0:08:31]} 17. Bb2 {[%emt 0:08:48]} Nxc5 {[%emt 0:01:40]} 18. Qb5 {[%emt 0:02:48]} Bf6 {[%emt 0:02:44]} 19. Bxf6 {[%emt 0:04:40]} Rxf6 {[%emt 0:00:29]} 20. b4 {[%emt 0:09:16]} a6 {[%emt 0:01:13]} 21. Qe2 {[%emt 0:01:20]} Ne4 {[%emt 0:00:50]} 22. Qd3 {[%emt 0:01:37]} Rd6 {[%emt 0:00:51]} 23. Qb3 {[%emt 0:04:29]} a5 {[%emt 0:05:25]} 24. a4 {[%emt 0:05:15]} Rc8 {[%emt 0:04:02]} 25. Rac1 {[%emt 0:01:43]} Rxc1 {[%emt 0:07:11]} 26. Rxc1 {[%emt 0:00:40]} axb4 {[%emt 0:02:02]} 27. Qxb4 {[%emt 0:01:48]} Nc5 {[%emt 0:02:59]} 28. Rd1 {[%emt 0:02:28]} Qa8 {[%emt 0:03:33]} 29. Rd4 {[%emt 0:01:51]} Qa5 {[%emt 0:04:38]} 30. Qa3 {[%emt 0:02:39]} Ne4 {[%emt 0:02:31]} 31. g3 {[%emt 0:03:58]} Qc5 {[%emt 0:02:10]} 32. Qb3 {[%emt 0:01:31]} Kf8 {[%emt 0:02:13]} 33. Kg2 {[%emt 0:06:08]} Ke7 {[%emt 0:03:17]} 34. Rd3 {[%emt 0:01:27]} Qc4 {[%emt 0:01:22]} 35. Qa3 {[%emt 0:01:09]} Nc5 {[%emt 0:00:54]} 36. Rd4 {[%emt 0:01:42]} Qc2 {[%emt 0:01:08]} 37. a5 {[%emt 0:02:09]} bxa5 {[%emt 0:00:55]} 38. Qxa5 {[%emt 0:00:07]} Nb3 {[%emt 0:00:32]} 39. Qa7+ {[%emt 0:00:19]} Rd7 {[%emt 0:00:21]} 40. Qa3+ {[%emt 0:00:05]} Kd8 {[%emt 0:01:18]} 41. Qf8+ {[%emt 0:01:26]} Kc7 {[%emt 0:00:24]} 42. Rb4 {[%emt 0:00:23]} Rd8 {[%emt 0:00:37]} 43. Qxg7+ {[%emt 0:00:18]} Rd7 {[%emt 0:00:18]} 44. Qe5+ {[%emt 0:00:29]} Kc6 {[%emt 0:00:51]} 45. Qe6+ {[%emt 0:00:34]} Kc7 {[%emt 0:00:31]} 46. Qb6+ {[%emt 0:00:12]} Kc8 {[%emt 0:00:05]} 47. Qb8# {[%emt 0:00:06]} 1-0

[Event "POL-chT 2nd League Juniors 2020"]
[Site "Sypniewo"]
[Date "2020.10.25"]
[Round "4.7"]
[White "Wilgosz, Jan"]
[Black "Twardowski, Hubert"]
[Result "1/2-1/2"]
[WhiteElo "1557"]
[BlackElo "1912"]
[Annotator "TA"]
[PlyCount "101"]
[EventDate "2020.10.23"]
[EventType "team-tourn"]
[EventCountry "POL"]
[SourceTitle "playchess.com"]
[Source "ChessBase"]
[SourceQuality "1"]

{[%evp 15,101,8,7,14,18,-6,8,-41,-41,-54,-34,-37,-6,-6,8,0,0,-13,-6,-19,-19,-24,2,-38,-29,-23,39,31,34,39,41,41,41,41,119,105,141,120,117,68,78,56,88,86,141,135,131,118,174,67,58,68,89,0,0,0,139,16,30,52,42,42,36,36,37,53,168,27,99,0,8,0,0,0,0,0,0,0,0,0,0,0,0,0,0,0,0,0]} 1. e4 e5 2. Nf3 Nc6 3. Bb5 a6 4. Ba4 Nf6 5. d4 exd4 6. O-O Be7 7. Re1 O-O 8. e5 Nd5 {is cutting edge theory.} 9. Bb3 {C84: Closed Ruy Lopez: Unusual White 6th moves.} Nb6 $1 10. c3 d6 11. cxd4 dxe5 12. dxe5 {[#]} Bg4 $146 ({Predecessor:} 12... Qxd1 13. Bxd1 Re8 14. Nc3 Bb4 15. h3 Be6 16. Ng5 Bd5 17. f4 h6 18. Nge4 Be6 {½-½ (79) Mork,K (2302)-Gausel,E (2501) Norway 2014}) 13. Nc3 Bc5 14. h3 Bh5 15. Qxd8 Raxd8 16. Ng5 {White wants to play e6.} Nd4 17. Nge4 Nxb3 18. axb3 Bd4 19. Ra5 {e6! is the strong threat.} Bg6 20. Nc5 Nd5 (20... Nd7 $11 21. Nxb7 Rb8) 21. Nxd5 $14 Rxd5 22. Nxb7 Rb5 23. Rxb5 axb5 24. Na5 h6 ({Black should try} 24... c5 $14) 25. Nc6 $16 Bc5 26. b4 Bb6 27. Ne7+ Kh7 28. Nd5 Rb8 29. Be3 Bxe3 (29... Rd8 $142 30. Nxb6 cxb6) 30. Rxe3 {[%mdl 4096] Endgame KRB-KRN} c6 31. Ne7 Ra8 (31... Rd8 $16) 32. Nxg6 (32. f4 $18) 32... Kxg6 $18 {KR-KR} 33. Rc3 Ra6 34. f4 ({White should play} 34. g4 $16) 34... Kf5 $11 35. g3 h5 {[#]} (35... g5 $11 {remains equal.}) 36. Kf2 ({White must play} 36. Ra3 $1 $16 {[%cal Ra3a6]} Rxa3 37. bxa3) 36... Ra4 37. Kf3 Rxb4 38. g4+ hxg4+ 39. hxg4+ Ke6 40. Rxc6+ Ke7 (40... Kd7 $1 $14 41. Rd6+ Ke7) 41. Rc2 (41. f5 $18) 41... g6 {[#]} (41... Ke6 $11 {keeps the balance.}) 42. Ke3 (42. f5 $1 $16 {Black must now prevent Rc7+.} Kd7 43. Rh2) 42... Ke6 {The position is equal.} 43. Rf2 g5 44. fxg5 Rxg4 45. Rf6+ Kxe5 46. Rxf7 Rxg5 47. Rb7 Kd6 48. Kd3 Kc5 49. Kc2 Kb4 50. Rd7 Rc5+ 51. Kb1 $1 {Av CentiPawn Loss W=-18/B=-19. Weighted=-21/-20} 1/2-1/2

[Event "POL-chT 2nd League Juniors 2020"]
[Site "Sypniewo"]
[Date "2020.10.25"]
[Round "4.8"]
[White "Malek, Jan"]
[Black "Tyszecki, Aliaksandr"]
[Result "1/2-1/2"]
[WhiteElo "1941"]
[BlackElo "1456"]
[Annotator "TA"]
[PlyCount "113"]
[EventDate "2020.10.23"]
[EventType "team-tourn"]
[EventCountry "POL"]
[SourceTitle "playchess.com"]
[Source "ChessBase"]
[SourceQuality "1"]

{[%evp 9,113,15,33,17,68,25,21,25,22,27,62,61,79,40,60,35,60,34,33,10,33,37,47,0,10,20,15,7,15,0,48,47,89,23,31,15,19,0,48,3,77,14,16,0,37,0,20,20,38,0,13,41,172,0,0,0,0,0,0,-120,-125,-154,0,0,0,-16,-16,-16,-16,-16,-16,-16,-16,-16,-16,-16,-16,-16,-16,-16,-16,-16,-16,-16,-16,-16,-16,-16,-16,-16,-16,-16,-16,-16,-16,-16,-16,-16,-16,-16,0,0,0,-16,-16,-16]} 1. e4 c6 2. d4 d5 3. Nc3 h6 4. Nf3 Nf6 5. e5 Ne4 6. Bd3 {B15: Caro-Kann: 3 Nc3: 3...g6 and 3...dxe4 4 Nxe4 Nf6 5 Nxf6+ exf6.} Bf5 (6... Nxc3 $11 7. bxc3 c5) 7. e6 Bxe6 8. Nxe4 dxe4 9. Bxe4 Bf5 {[%mdl 64] Decoy} 10. Bxf5 Qa5+ 11. c3 (11. Bd2 {keeps more tension.} Qxf5 12. O-O e6 13. c4 Nd7 14. Re1) 11... Qxf5 {[#]} 12. O-O $146 ({Predecessor:} 12. Qb3 b6 13. O-O e6 14. Re1 Bd6 15. Ne5 O-O 16. Qd1 Bxe5 17. Rxe5 Qf6 18. Qg4 Nd7 19. Re3 Rfd8 20. Bd2 {½-½ (71) Schnider,G (2422)-Balinov,I (2478) Vienna 2018}) 12... Nd7 13. Re1 e6 14. Qb3 Rb8 15. Ne5 Bd6 {[%cal Rd6e5]} 16. f4 Nxe5 17. fxe5 Be7 18. Rf1 Qe4 19. Bf4 Bg5 (19... c5 {with more complications.} 20. Qb5+ Qc6 21. Qd3 cxd4 22. cxd4 Qb6) 20. Rae1 Qg6 21. Bxg5 (21. Qa4 $16) 21... Qxg5 $11 22. Rf3 O-O 23. Qc2 c5 24. Rg3 Qh5 (24... Qe7 $11) 25. Qf2 (25. dxc5 $16 Rbd8 26. b4) 25... cxd4 26. cxd4 Rbc8 27. h3 (27. Qf6 $5 g6 28. d5 $14) 27... Rc7 28. Qf6 {[%csl Gg3][%cal Rf6g7]} g5 29. Re4 Rc1+ 30. Kh2 $1 Qg6 {[#]} ({Stronger than} 30... Qd1 31. Rxg5+ $1 {[%mdl 512]} hxg5 32. Qxg5+ Kh8 33. Rh4+ Qh5 34. Rxh5#) (30... Kh7 $14) 31. Qxg6+ $2 (31. Rh4 $1 $18 {[%cal Rh4h6][%mdl 512]} Qxf6 (31... gxh4 32. Rxg6+) 32. exf6) 31... fxg6 $18 {[%mdl 4096] Endgame KRR-KRR} 32. Ra3 Rc2 33. Rxa7 Rxb2 34. d5 (34. Re3 $11 {remains equal.}) 34... exd5 $17 35. Rd4 h5 $2 ({Black should play} 35... Rff2 $17 36. Rg4 Kf7) 36. Rxd5 $11 {The position is equal.} Rff2 37. Kh1 Rxg2 {[#] And now ...Rge2 would win.} 38. Rxb7 $1 {[%cal Rd5d8][%mdl 512]} Rh2+ (38... Rxb7 39. Kxg2) 39. Kg1 {[%cal Rd5d8]} Rxb7 40. Kxh2 {KR-KR} Rb2+ 41. Kg3 Rxa2 42. e6 {aiming for Rd8+.} Re2 43. Rxg5 Rxe6 44. Ra5 Kg7 45. Kf4 Kf6 46. h4 Rb6 47. Kg3 Rd6 48. Rb5 Rd4 49. Rg5 Rd3+ 50. Kg2 Re3 51. Kh2 Re4 52. Kh3 Re5 53. Rg1 Re3+ 54. Kh2 Kf5 55. Rg5+ Kf6 56. Rg1 Re6 57. Rf1+ {Av CentiPawn Loss W=-16/B=-15. Weighted=-23/-21} 1/2-1/2

[Event "POL-chT 2nd League Juniors 2020"]
[Site "Sypniewo"]
[Date "2020.10.25"]
[Round "4.8"]
[White "Szuber, Dawid"]
[Black "Oleksy, Krzysztof"]
[Result "0-1"]
[WhiteElo "1496"]
[BlackElo "1934"]
[Annotator "TA"]
[PlyCount "162"]
[EventDate "2020.10.23"]
[EventType "team-tourn"]
[EventCountry "POL"]
[SourceTitle "playchess.com"]
[Source "ChessBase"]
[SourceQuality "1"]

{[%evp 25,162,7,17,8,16,0,7,-20,21,6,37,0,0,-83,-87,-85,-10,-8,-9,-4,-11,-18,-11,-63,-98,-94,-93,-91,-85,-112,-112,-112,-95,-112,-112,-112,-112,-108,-101,-109,-71,-120,-120,-120,-120,-120,-120,-120,-88,-78,0,-78,-78,-253,-253,-291,-187,-174,-107,-116,-82,-108,-125,-103,-88,-201,0,-137,-146,-104,0,-369,0,0,-158,-149,-150,-179,-160,-384,-22,-384,-376,-1581,-1573,-1197,-897,-5110,-5110,-5110,-5110,-5096,-5096,-4307,-2854,-1817,-2555,-1245,-1140,-29957,-29958,-29944,-830,-29965,-29968,-29976,-29977,-29977,-29975,-29974,-29973,-29973,-29974,-29973,-29974,-29972,-29973,-29978,-29973,-29977,-29979,-29978,-29976,-29982,-29983,-29985,-29985,-29991,-29991,-29992,-29983,-29992,-29993,-29994,-29993,-29993,-29992,-29996,-5118]} 1. e4 c5 2. Nc3 d6 3. g3 Nc6 4. Bg2 g6 5. Nge2 Bg7 6. d3 e6 7. Be3 Nd4 8. Qd2 Bd7 9. O-O Ne7 10. f4 O-O 11. Nd1 Nec6 12. c3 Nxe2+ 13. Qxe2 Rb8 14. Qd2 {B26: Closed Sicilian: 3 g3, lines with early Be3.} Qa5 {[#]} 15. h3 $146 ({Predecessor:} 15. Nf2 b5 16. Rfd1 b4 17. d4 bxc3 18. bxc3 cxd4 19. cxd4 Qxd2 20. Rxd2 Na5 21. Bf1 {0-1 (45) Shkuro,A (2041)-Demianjuk,A (2316) Kazan 2007}) 15... f5 16. exf5 {The position is equal.} exf5 17. Bf2 b5 18. Bd5+ Kh8 19. Bxc6 (19. Ne3 $11) 19... Bxc6 $17 20. d4 Be4 (20... Rfd8 $17 21. d5 Bb7) 21. dxc5 $11 dxc5 22. Bxc5 Rfd8 23. Qf2 Rd3 {aiming for ...Rbd8.} 24. Bxa7 (24. Ne3 $11) 24... Rf3 $36 {[%mdl 2048] Black is in control.} 25. Bxb8 Rxf2 26. Nxf2 Qb6 {Strongly threatening ...Ba8.} 27. Be5 Bxe5 28. fxe5 Qe3 {[%cal Re3g3]} 29. Kh2 Bc6 $1 {( -> ...f4)} 30. Nh1 Qe4 {[%csl Gc6][%cal Re4g2]} 31. Rf2 Qxe5 32. Raf1 Bd5 {[%mdl 1024] Black has strong compensation.} 33. a3 Kg7 34. Rd1 Bc6 35. Rdf1 Qe3 36. h4 Bd5 37. Rc2 Bc6 38. Rcf2 Be4 39. c4 $2 (39. Rf4 $17 {was called for.}) 39... bxc4 $19 40. a4 Qa7 41. Rd2 Qxa4 (41... Qa5 $1 $19 {[%cal Ra5d2]} 42. Rff2 Qxa4) 42. Nf2 $17 Bc6 43. Nh3 Qb4 44. Rff2 h6 45. Nf4 (45. Rfe2 $17) 45... Kf7 $2 ({Black should play} 45... g5 $19 46. Ng2 Qc5) 46. Rfe2 (46. h5 $1 $11 {remains equal.} gxh5 47. Nxh5) 46... g5 47. Nd5 Qc5 ({Black should try} 47... Qa5 $17 48. Ne3 Qc5) 48. Re5 $2 {[%mdl 8192]} (48. hxg5 $11 hxg5 49. Re7+ Kf8 50. Re5) 48... Qa5 (48... gxh4 $19 {is more deadly.} 49. Rxf5+ Kg7) 49. Rxf5+ Kg7 {White is now going downhill.} 50. Rd4 {Ne7! is the strong threat.} Qe1 $1 {[%cal Re1e2]} 51. hxg5 Qe2+ 52. Kh3 $2 (52. Kg1 $17) 52... Bd7 $2 ({Better is} 52... h5 $1 $19 53. Rf6 Bd7+ 54. g4 hxg4+ 55. Kg3 Qe5+ {[%mdl 64] Double Attack} 56. Rff4 Qe1+ 57. Kg2 Bc6 58. Rxg4 Qe5) 53. gxh6+ $2 {[%mdl 8192] [#]} (53. Ne3 $1 $11 Bxf5+ 54. Nxf5+ Kg6 55. Nxh6) 53... Kh8 $1 $19 54. Rdf4 $2 (54. Ne3 Be6 55. Kh4 Qxe3 {[%mdl 64] Double Attack} 56. Rff4) 54... Qh5+ {[%mdl 64] Double Attack, Pin} 55. Kg2 Bxf5 56. g4 {[#]} Be4+ $1 {[%mdl 576] Discovered Attack} 57. Rxe4 Qxd5 {[%mdl 4096] Endgame KQ-KR} 58. Kf3 Kh7 59. g5 Qxg5 60. Rxc4 Qd5+ 61. Re4 Kxh6 62. b4 Kg5 63. Ke3 Qb3+ (63... Kf5 $142 64. Rh4 Qe5+ 65. Kf3 Qe1 66. Rh5+ {[#]} Kg6 $1 {[%mdl 512]} 67. Rc5 Qxb4 68. Rd5 Qc4 69. Rd1 Kf5 70. Ke3 Qe4+ 71. Kd2 Qb4+ 72. Kc2 Ke4 73. Rd3 Qa4+ 74. Rb3 Kd4 75. Kb2 Qa5 76. Rg3 Qd2+ 77. Kb3 Qd1+ 78. Ka2 Qd2+ 79. Kb3 Qd1+ 80. Kb2 Qe2+ 81. Kb3 Qd1+) 64. Kf2 Kf5 {Black mates.} 65. Re2 Qxb4 66. Re3 {[#]} Qd4 $1 67. Ke2 Kf4 68. Rd3 {[#]} Qc4 $1 69. Kd2 Ke4 70. Rh3 Qa2+ 71. Ke1 Qg2 72. Ra3 Qc2 73. Rg3 Qc1+ 74. Kf2 Qd2+ 75. Kg1 Kf4 76. Rg2 Qe1+ 77. Kh2 Qh4+ 78. Kg1 Kf3 79. Ra2 Qg4+ 80. Kh2 Qb4 81. Kg1 Qb1+ {[%mdl 64] Double Attack. Av CentiPawn Loss W=-36/B=-57. Weighted=-35/-53} 0-1

[Event "POL-chT 2nd League Juniors 2020"]
[Site "Sypniewo"]
[Date "2020.10.25"]
[Round "4.9"]
[White "Jendrowiak, Maciej"]
[Black "Bochenek, Ryszard"]
[Result "1-0"]
[WhiteElo "1382"]
[BlackElo "1445"]
[Annotator "NA RC"]
[PlyCount "81"]
[EventDate "2020.10.23"]
[EventType "team-tourn"]
[EventCountry "POL"]
[SourceTitle "playchess.com"]
[Source "ChessBase"]
[SourceQuality "1"]
[TimeControl "5400+30"]

1. d4 {[%emt 0:00:02]} Nf6 {[%emt 0:00:00]} 2. c4 {[%emt 0:00:30]} e5 {[%emt 0:00:00]} 3. dxe5 {[%emt 0:01:26]} Ng4 {[%emt 0:00:18]} 4. Nf3 {[%emt 0:00:23]} Bc5 {[%emt 0:00:12]} 5. e3 {[%emt 0:00:16]} Nc6 {[%emt 0:00:10]} 6. Nc3 {[%emt 0:01:24]} Ngxe5 {[%emt 0:00:19]} 7. Nxe5 {[%emt 0:01:18]} Nxe5 {[%emt 0:00:08]} 8. Be2 {[%emt 0:01:16]} d6 {[%emt 0:00:26]} 9. O-O {[%emt 0:02:05]} O-O {[%emt 0:00:07]} 10. b3 {[%emt 0:01:46]} Be6 {[%emt 0:00:58]} 11. Bb2 {[%emt 0:01:52]} f5 {[%emt 0:06:09]} 12. Nd5 {[%emt 0:02:43]} a5 {[%emt 0:02:28]} 13. Nf4 {[%emt 0:01:50]} Bf7 {[%emt 0:07:24]} 14. Qc2 {[%emt 0:03:28]} Qf6 {[%emt 0:10:52]} 15. Nd3 {[%emt 0:02:21]} Qe7 {[%emt 0:06:33]} 16. Nxc5 {[%emt 0:01:29]} dxc5 {[%emt 0:00:53]} 17. Qxf5 {[%emt 0:01:25]} Nc6 {[%emt 0:01:16]} 18. Qg4 {[%emt 0:02:15]} Bg6 {[%emt 0:00:59]} 19. Bf3 {[%emt 0:01:06]} Nb4 {[%emt 0:02:43]} 20. Bxb7 {[%emt 0:03:22]} Rad8 {[%emt 0:00:27]} 21. Bc3 {[%emt 0:04:54]} Nc2 {[%emt 0:03:37]} 22. Rac1 {[%emt 0:00:51]} Nxe3 {[%emt 0:03:06]} 23. Rfe1 {[%emt 0:08:35]} Nxg4 {[%emt 0:23:46]} 24. Rxe7 {[%emt 0:00:13]} Nf6 {[%emt 0:01:50]} 25. Rxc7 {[%emt 0:02:33]} Rf7 {[%emt 0:04:18]} 26. Rxf7 {[%emt 0:01:46]} Kxf7 {[%emt 0:00:10]} 27. f3 {[%emt 0:00:53]} Rd6 {[%emt 0:02:21]} 28. Bxa5 {[%emt 0:00:45]} Rd7 {[%emt 0:00:42]} 29. Bc8 {[%emt 0:06:34]} Ra7 {[%emt 0:02:16]} 30. Bb6 {[%emt 0:00:15]} Ra8 {[%emt 0:00:44]} 31. Bh3 {[%emt 0:00:36]} Rxa2 {[%emt 0:00:29]} 32. Bxc5 {[%emt 0:00:05]} Nh5 {[%emt 0:01:18]} 33. Bd6 {[%emt 0:01:00]} Rd2 {[%emt 0:02:36]} 34. c5 {[%emt 0:00:54]} Bd3 {[%emt 0:02:03]} 35. c6 {[%emt 0:03:22]} Ba6 {[%emt 0:01:06]} 36. Ra1 {[%emt 0:03:08]} Rxd6 {[%emt 0:01:01]} 37. Rxa6 {[%emt 0:00:07]} Nf4 {[%emt 0:00:06]} 38. Ra7+ {[%emt 0:04:24]} Kf6 {[%emt 0:00:39]} 39. Bd7 {[%emt 0:06:20]} Nd3 {[%emt 0:00:45]} 40. c7 {[%emt 0:01:44]} Rxd7 {[%emt 0:00:15]} 41. Ra6+ {[%emt 0:00:41]} 1-0